MARC details
| 000 -CABECERA |
| campo de control de longitud fija |
00851nam a2200205 a 4500 |
| 001 - NÚMERO DE CONTROL |
| campo de control |
000002421 |
| 005 - FECHA Y HORA DE LA ÚLTIMA TRANSACCIÓN |
| campo de control |
20200929150208.0 |
| 008 - DATOS DE LONGITUD FIJA--INFORMACIÓN GENERAL |
| campo de control de longitud fija |
090702s2007 sp 000 0 spa d |
| 020 ## - NÚMERO INTERNACIONAL ESTÁNDAR DEL LIBRO |
| Número Internacional Estándar del Libro |
9788489384699 |
| 040 ## - FUENTE DE LA CATALOGACIÓN |
| Centro catalogador/agencia de origen |
DO-SdBNP |
| Lengua de catalogación |
spa |
| Centro/agencia transcriptor |
BNPHU |
| 082 ## - NÚMERO DE LA CLASIFICACIÓN DECIMAL DEWEY |
| Número de clasificación |
xxxx |
| Número de documento/Ítem |
S612s |
| 111 2# - ENTRADA PRINCIPAL--NOMBRE DE CONGRESO/REUNIÓN |
| Nombre de congreso/reunión o jurisdicción como elemento de entrada |
Simposio sobre Literatura Infantil y Lectura |
| Número del congreso/reunión o número de parte o sección |
(7th : |
| Fecha del congreso/reunión |
2001 : |
| Sede del congreso/Lugar de la reunión |
Madrid, España) |
| 9 (RLIN) |
7672 |
| 245 10 - MENCIÓN DE TÍTULO |
| Título |
Nuevos espacios para la lectura en el siglo XXI : |
| Resto del título |
[II encuentro iberoamericano] / |
| Mención de responsabilidad, etc. |
Carmen Barvo ... [et al.]. |
| 260 ## - PUBLICACIÓN, DISTRIBUCIÓN, ETC. |
| Lugar de publicación, distribución, etc. |
Madrid : |
| Nombre del editor, distribuidor, etc. |
Fundación Germán Sánchez Ruipérez, |
| Fecha de publicación, distribución, etc. |
[2007?]. |
| 300 ## - DESCRIPCIÓN FÍSICA |
| Extensión |
310 p. ; |
| Dimensiones |
23 cm. |
| 490 1# - MENCIÓN DE SERIE |
| Mención de serie |
Papeles de la Fundación Germán Sánchez Ruipérez |
| Designación de volumen o secuencia |
4 |
| 500 ## - NOTA GENERAL |
| Nota general |
Incluye referencias bibliográficas y notas a pie de páginas |
| 700 1# - PUNTO DE ACCESO ADICIONAL--NOMBRE DE PERSONA |
| Nombre de persona |
Barvo, Carmen. |
| 9 (RLIN) |
7673 |
| 830 #0 - PUNTO DE ACCESO ADICIONAL DE SERIE-TÍTULO UNIFORME |
| Título uniforme |
Papeles de la Fundación Germán Sánchez Ruipérez |
| Número de parte o sección de la obra |
4 |
| 9 (RLIN) |
7674 |